00291 a2200109 450000500170000002000180001710000160003524500360005125000120008726000330009930000490013220250611112449.0 a9780071440240 aKEMP, S. M  aBusiness Statistics Demystified a13th Ed aNew YorkbMcgraw-hill c2004 axiii, 380p.:ill; Graph, TablebIndexc23.5cm